| 000 | 00402 a2200145 4500 | ||
|---|---|---|---|
| 999 |
_c12152 _d12152 |
||
| 003 | OSt | ||
| 005 | 20240117161726.0 | ||
| 008 | 240117b ||||| |||| 00| 0 eng d | ||
| 020 | _a 9780714838687 | ||
| 082 | _a724.6 | ||
| 100 | _aDennis Sharp | ||
| 245 | _aTwentieth Century Classics (Architecture 3s) Walter Gropius, Le Corbusier, Louis I. Kahn | ||
| 260 |
_b Phaidon Press; _c1999 |
||
| 942 | _2ddc | ||